| 000 | 00998nam a22002177a 4500 | ||
|---|---|---|---|
| 999 |
_c64262 _d64262 |
||
| 005 | 20210325205724.0 | ||
| 008 | s2552 th tha d | ||
| 040 | _aNALT | ||
| 041 | _atha | ||
| 050 |
_aJZ 5490 _bป234 2552 |
||
| 245 | 0 | 0 |
_aประชาคมเศรษฐกิจอาเซียน Asean Economic Community : _bAEC |
| 260 |
_aกรุงเทพฯ : _bกรมเจรจาการค้าระหว่างประเทศ กระทรวงพาณิชย์, _c2552. |
||
| 300 |
_a122 หน้า : _bภาพประกอบ ; _c24 ซม. |
||
| 500 | _aบ 24171 ฉ.1 / บ 24634 ฉ.2 | ||
| 610 | 2 | 0 |
_aสมาคมอาเซียน _915906 |
| 650 | 0 |
_aประชาคมเศรษฐกิจอาเซียน _92906 |
|
| 653 | 4 | _aอาเซียน | |
| 850 | _aNALT | ||
| 942 |
_cGB _2lcc _02 |
||
| 998 |
_j104 _k สายฝน ดีงาม |
||